00565 2200205 4500001002100000005001500021035002000036007000300056008004100059020001800100082001100118084001700129100001600146245008500162250001000247260003600257300002800293650002200321990001600343INLIS00000000000026920170914032203 a0010-0917000255ta170914 0 ind  a979-97363-2-3 a297.62 a297.62 UMA i0 aUmar, Musni1 aIslam dan Demokrasi di Indonesia :bKemenangan Abangan dan Sekuler /cMusni Umar aCet.1 aJakarta Selatan :bINSED,c2004 a182 hal ;c14,5 x 21 cm aIslam - Demokrasi a626.203.259